000 00921nas a2200301 4500
001 BR2014003759
003 BR-BrBNA
005 20231205124141.0
007 ta
008 230509b bl.|||p| |||| 00| 00por d
040 _aBR-BrBNA
_bpor
_cBiblioteca Nacional de Agricultura
041 _a(En)
072 _aL02
100 1 _aSiqueira, J.C.
100 1 _aSakomura, N.K.
100 1 _aDourado, L.R.B.
100 1 _aEzequiel, J.M.B.
100 1 _aBarbosa, N.A.A.
100 1 _aFernandes, J.B.K.
245 1 _aDiet formulation techniques and lysine requirements of 1- to22-day-old broilers
650 _aGALINHA PARA POSTURA
650 _aDIETA
650 _aLISINA
650 _aCOMPOSIÇÃO DE ALIMENTO
773 0 _tBrazilian Journal of Poultry Science (Brazil)
_xISSN 1516-635X
_g(Apr-Jun 2013), v. 15(2) p. 123-134
_wBR2014003759
909 _a202311
_bLúcia
_c55
_dLúcia Elande
942 _2AGRIS
_n0
_cANA
999 _c237555
_d237555